000 00666cam a22002413a 4500
001 10186
003 PGUSA
005 20140828083221.0
008 031101s2003||||xxu|||||s|||||000 | eng d
040 _aPGUSA
_beng
042 _adc
050 4 _aPS
100 1 _aKennedy, Frank
245 1 0 _aSchultz at the Paris Exposition
_h[electronic resource] /
_cFrank Kennedy
260 _bProject Gutenberg,
_c2003
500 _aRecorded September 1900.
506 _aPublic domain in the USA.
516 _aElectronic text
653 _aHumorous recitations
830 0 _aProject Gutenberg
_v10186
856 4 0 _uhttp://www.gutenberg.org/ebooks/10186
942 _cEB
999 _c239441
_d239441